000 00315nam a22001457a 4500
003 SGT
020 _a9780195687859
082 _a934,SHA
100 _aSHARMA,R.S.
245 _aINDIA'S ANCIENT PAST
260 _aNEW DELHI
_bOXFORD
_c2017
300 _a387
650 _aINDIA'S ANCIENT PAST
942 _2ddc
_cBK
_025
999 _c11583
_d11583